| 000 | 00951cab a2200265 4500 | ||
|---|---|---|---|
| 001 | ABS54442 | ||
| 008 | 090401t1996 xxu||||| |||| 00| 0 eng d | ||
| 035 | _a(Sirsi) u10364 | ||
| 041 | _aeng | ||
| 100 | _aBritt, C. | ||
| 245 | _aVariable costs | ||
| 260 | _c1996 | ||
| 350 | _a0 | ||
| 490 |
_aFarmers' Weekly _v124(1) 5 January 1996, 50-51 |
||
| 490 |
_aForestry & British Timber _v25(2) February 1996, 41(3) |
||
| 520 | _aReviews an ADAS / Forestry Commission survey which claims that farmers planting trees on their land for the first time are being hampered by a lack of written literature and widely varying costs. A detailed survey of establishment costs was carried out on 23 sites. Tables. | ||
| 650 | _aESTABLISHMENT COSTS | ||
| 650 | _aFARM WOODLAND PREMIUM SCHEME | ||
| 650 | _aFARM WOODLANDS | ||
| 650 | _aFORESTRY COMMISSION | ||
| 650 | _aPLANTING COSTS | ||
| 690 | _aRURAL PRACTICE | ||
| 942 | _n0 | ||
| 948 | _c04/03/1997 | ||
| 999 |
_c6528 _d6528 |
||